[Event "Karlstad op"]
[Site "Karlstad"]
[Date "2023.12.29"]
[Round "6"]
[White "Tryggestad, Andreas Garberg"]
[Black "Nygren, Kim"]
[Result "1-0"]
[WhiteElo "2287"]
[BlackElo "2145"]
[PlyCount "141"]
[EventDate "2023.12.27"]
[EventType "swiss"]
[EventRounds "8"]
[EventCountry "SWE"]
[SourceTitle "CB01_2024"]
[SourceDate "2024.01.03"]
[SourceVersion "1"]
[SourceVersionDate "2024.01.03"]
[SourceQuality "1"]

1. e4 e6 2. d4 d5 3. Nc3 Bb4 4. e5 Qd7 5. a3 Bf8 6. f4 b6 7. Nf3 Bb7 8. Bd3 Nc6 9. 0-0 g6 10. Qe2 Nh6 11. Nd1 Nf5 12. c3 Na5 13. g4 Ne7 14. Be3 Nb3 15. Rb1 c5 16. Bc2 c4 17. Nh4 0-0-0 18. f5 gxf5 19. gxf5 Rg8+ 20. Kh1 Nc5 21. f6 Nc6 22. Nf3 Ne4 23. Nf2 Na5 24. Nxe4 dxe4 25. Nd2 Rg6 26. Rg1 Bh6 27. Rxg6 Bxe3 28. Qxe3 hxg6 29. Kg1 Rh8 30. Bxe4 Bd5 31. Rf1 Rh5 32. Rf2 Rh4 33. Bxd5 Qxd5 34. Qf3 Kd7 35. Kg2 Kc6 36. Kg3 Rh8 37. Ne4 Nb7 38. Ng5 Qxf3+ 39. Rxf3 Nd8 40. Rf4 Kb5 41. Ne4 Ka4 42. Nd2 b5 43. Rh4 Rf8 44. Kf4 a5 45. Kg5 Nc6 46. Kh6 Rh8+ 47. Kg5 Rf8 48. Kf4 Nb8 49. Ke3 Nd7 50. Ke2 Nb6 51. Kd1 b4 52. axb4 axb4 53. Kc2 b3+ 54. Kb1 Kb5 55. Rh7 Kc6 56. Ne4 Kd5 57. Nd6 Ra8 58. Rxf7 Rh8 59. Rc7 Na4 60. Nxc4 Rxh2 61. Kc1 Ke4 62. Kd1 Nxb2+ 63. Nxb2 Rxb2 64. f7 Rf2 65. Ke1 Rf3 66. Rb7 Kd3 67. d5 exd5 68. e6 Rf6 69. Rb6 b2 70. Rxb2 Rxe6+ 71. Kf1 1-0

[Event "Karlstad op"]
[Site "Karlstad"]
[Date "2023.12.28"]
[Round "4"]
[White "Tryggestad, Andreas Garberg"]
[Black "Liden, Tommy"]
[Result "1-0"]
[WhiteElo "2287"]
[BlackElo "2122"]
[PlyCount "75"]
[EventDate "2023.12.27"]
[EventType "swiss"]
[EventRounds "8"]
[EventCountry "SWE"]
[SourceTitle "CB01_2024"]
[SourceDate "2024.01.03"]
[SourceVersion "1"]
[SourceVersionDate "2024.01.03"]
[SourceQuality "1"]

1. d4 d5 2. Nc3 Nf6 3. Bf4 c5 4. e4 dxe4 5. dxc5 Qa5 6. Qd2 Qxc5 7. 0-0-0 Bd7 8. Bg5 Qa5 9. Kb1 h6 10. Bxf6 gxf6 11. Nge2 f5 12. g4 fxg4 13. Bg2 f5 14. h3 gxh3 15. Bxh3 Bg7 16. Qe3 Qb6 17. Qg3 Qf6 18. Nf4 Qg5 19. Ncd5 Qxg3 20. Nc7+ Kd8 21. Nfe6+ Kc8 22. fxg3 Be5 23. Rxd7 Nxd7 24. Nxa8 Kb8 25. Bxf5 Kxa8 26. g4 Nf6 27. g5 Ne8 28. gxh6 e3 29. h7 Bg3 30. Bd3 Nf6 31. Ng5 e5 32. Nf7 e2 33. Nxh8 e1Q+ 34. Rxe1 Bxe1 35. Nf7 Nxh7 36. Bxh7 Bg3 37. Be4 Kb8 38. Nd8 1-0

[Event "Gothenburg Manhem"]
[Site "Gothenburg"]
[Date "2023.08.07"]
[Round "4"]
[White "Sorensen, Hampus"]
[Black "Tryggestad, Andreas Garberg"]
[Result "0-1"]
[WhiteElo "2475"]
[BlackElo "2233"]
[PlyCount "164"]
[EventDate "2023.08.05"]
[EventType "tourn"]
[EventRounds "9"]
[EventCountry "SWE"]
[EventCategory "2"]
[SourceTitle "CBM 215 Extra"]
[Source "ChessBase"]
[SourceDate "2023.09.30"]
[SourceVersion "1"]
[SourceVersionDate "2023.09.30"]
[SourceQuality "1"]

1. e4 e5 2. Nf3 Nc6 3. Bb5 a6 4. Ba4 Nf6 5. 0-0 Be7 6. d3 b5 7. Bb3 d6 8. c3 Bg4 9. Re1 0-0 10. h3 Bh5 11. Nbd2 Na5 12. Bc2 c5 13. Nf1 Nd7 14. Ng3 Bg6 15. d4 Qc7 16. d5 Nc4 17. Nh2 b4 18. Bd3 Ncb6 19. c4 a5 20. Qg4 Qd8 21. Nhf1 a4 22. Ne3 Bg5 23. Ngf5 Qf6 24. Ng3 h6 25. Qe2 Nc8 26. Ngf1 Qd8 27. g3 Nf6 28. h4 Bxe3 29. Qxe3 Qd7 30. f3 Re8 31. Qf2 Ne7 32. Ne3 Bh7 33. g4 Kf8 34. Bf1 Ng6 35. Nf5 Nf4 36. Bxf4 exf4 37. Qh2 Bxf5 38. exf5 a3 39. b3 Rxe1 40. Rxe1 Re8 41. Rd1 Qe7 42. Qxf4 Qe5 43. Qxe5 Rxe5 44. Kf2 Re7 45. Bd3 Nd7 46. Rg1 Nf6 47. g5 Ng8 48. f4 Re8 49. Kf3 Re7 50. Bb1 Re8 51. Bd3 Re7 52. Rg2 Re1 53. Kg4 Rd1 54. Bc2 Ra1 55. Be4 Re1 56. Bf3 Rf1 57. Kg3 Re1 58. Rd2 Rg1+ 59. Kf2 Rb1 60. Re2 Ra1 61. Bg2 Rb1 62. Kg3 Ne7 63. Kg4 h5+ 64. Kxh5 Nxf5 65. Kg4 Nd4 66. Rf2 Rb2 67. Rxb2 axb2 68. Be4 Ne2 69. Bc2 Nc3 70. Kf3 Nxa2 71. Ke3 Nc3 72. h5 Kg8 73. Kd2 b1Q 74. Bxb1 Nxb1+ 75. Kd3 f5 76. gxf6 gxf6 77. Ke4 Nc3+ 78. Kf5 Kf7 79. h6 Ne2 80. Kg4 Nd4 81. Kh5 Nxb3 82. h7 Kg7 0-1

[Event "Gothenburg Manhem"]
[Site "Gothenburg"]
[Date "2023.08.06"]
[Round "2"]
[White "Brattgjerd, Isak Vinh"]
[Black "Tryggestad, Andreas Garberg"]
[Result "1/2-1/2"]
[WhiteElo "2214"]
[BlackElo "2233"]
[PlyCount "78"]
[EventDate "2023.08.05"]
[EventType "tourn"]
[EventRounds "9"]
[EventCountry "SWE"]
[EventCategory "2"]
[SourceTitle "CBM 215 Extra"]
[Source "ChessBase"]
[SourceDate "2023.09.30"]
[SourceVersion "1"]
[SourceVersionDate "2023.09.30"]
[SourceQuality "1"]

1. e4 e5 2. Nf3 Nc6 3. Bb5 a6 4. Ba4 Nf6 5. 0-0 Be7 6. Re1 b5 7. Bb3 0-0 8. a4 Bb7 9. d4 Nxd4 10. Bxf7+ Rxf7 11. Nxe5 Ne6 12. Nxf7 Kxf7 13. Nc3 Bb4 14. Bd2 Bxc3 15. Bxc3 Nxe4 16. Qf3+ Kg8 17. Rxe4 Qg5 18. h4 Qc5 19. b4 Bxe4 20. Qxe4 Qc6 21. Qxc6 dxc6 22. g3 Kf7 23. f4 g6 24. Be5 h5 25. axb5 cxb5 26. Rf1 Ng7 27. Rd1 Nf5 28. Kf2 Ke6 29. c3 c6 30. Bc7 Rc8 31. Re1+ Kd5 32. Re5+ Kc4 33. Rc5+ Kb3 34. Be5 Kc2 35. Kf3 Rd8 36. Rxc6 Rd3+ 37. Kf2 Rd2+ 38. Kf3 Rd3+ 39. Kf2 Rd2+ 1/2-1/2

[Event "Gothenburg Manhem"]
[Site "Gothenburg"]
[Date "2023.08.05"]
[Round "1"]
[White "Tryggestad, Andreas Garberg"]
[Black "Olsson, William"]
[Result "1-0"]
[WhiteElo "2233"]
[BlackElo "2400"]
[PlyCount "125"]
[EventDate "2023.08.05"]
[EventType "tourn"]
[EventRounds "9"]
[EventCountry "SWE"]
[EventCategory "2"]
[SourceTitle "CBM 215 Extra"]
[Source "ChessBase"]
[SourceDate "2023.09.30"]
[SourceVersion "1"]
[SourceVersionDate "2023.09.30"]
[SourceQuality "1"]

1. e4 c5 2. Nf3 d6 3. d4 cxd4 4. Nxd4 Nf6 5. Nc3 g6 6. Be3 Bg7 7. f3 0-0 8. Qd2 Nc6 9. 0-0-0 d5 10. exd5 Nxd5 11. Nxc6 bxc6 12. Bd4 e5 13. Bc5 Be6 14. Ne4 Re8 15. h4 h6 16. h5 g5 17. g4 Qc7 18. Bc4 Nf4 19. Qc3 Bd5 20. Rhe1 Rad8 21. Bb4 Qb8 22. a3 Ne6 23. Qd3 Qc7 24. Qc3 Qb8 25. Qd3 Nd4 26. Rf1 Qc7 27. Qc3 Qb8 28. Qd3 Qb6 29. Qc3 Rb8 30. Bd3 Qd8 31. Kb1 Kh8 32. Rd2 Qd7 33. Nc5 Qc8 34. Be4 Nb5 35. Qe3 a5 36. Bxa5 Nd6 37. Bf5 Nxf5 38. gxf5 Qxf5 39. Bc3 g4 40. Ne4 gxf3 41. Nd6 Qh3 42. Rdf2 Re7 43. Ne4 Qh4 44. Nd2 Qxh5 45. Nxf3 Qh3 46. Rg1 f6 47. Rff1 Kg8 48. Rh1 Qg4 49. Rh4 Qg2 50. Nd2 Qg5 51. Qe1 f5 52. Nc4 Kh7 53. Ne3 f4 54. Rg1 Qf6 55. Ng4 Qf5 56. Nxh6 Bxh6 57. Rxh6+ Kxh6 58. Qh4+ Qh5 59. Qf6+ Kh7 60. Qxe7+ Bf7 61. Qxe5 Rg8 62. Rg7+ Kh6 63. Qxf4+ 1-0

[Event "NOR-chB"]
[Site "Oslo"]
[Date "2023.07.03"]
[Round "3"]
[White "Tryggestad, Andreas Garberg"]
[Black "Grave, Jacob Templen"]
[Result "1/2-1/2"]
[WhiteElo "2200"]
[BlackElo "2255"]
[PlyCount "45"]
[EventDate "2023.06.30"]
[EventType "swiss"]
[EventRounds "9"]
[EventCountry "NOR"]
[SourceTitle "EXT 2024"]
[Source "ChessBase"]
[SourceDate "2023.10.10"]
[SourceVersion "1"]
[SourceVersionDate "2023.10.10"]
[SourceQuality "1"]

1. e4 c6 2. d4 d5 3. f3 g6 4. Nc3 Bg7 5. e5 f6 6. f4 Nh6 7. Nf3 Bg4 8. Be2 Nf5 9. Ng1 Bxe2 10. Ncxe2 c5 11. c3 cxd4 12. cxd4 Nc6 13. Nf3 Qa5+ 14. Qd2 h5 15. 0-0 Qxd2 16. Bxd2 Rc8 17. Kf2 g5 18. Bc3 g4 19. Ne1 e6 20. Nd3 Kf7 21. Rac1 b6 22. b3 h4 23. Bb2 1/2-1/2

[Event "NOR-chT Elite 2223"]
[Site "Norway"]
[Date "2023.01.14"]
[Round "5.33"]
[White "Mitusov, Semen"]
[Black "Tryggestad, Andreas Garberg"]
[Result "1-0"]
[WhiteElo "2397"]
[BlackElo "2276"]
[PlyCount "107"]
[EventDate "2022.11.11"]
[EventType "team-tourn"]
[EventRounds "9"]
[EventCountry "NOR"]
[SourceTitle "CBM 213 Extra"]
[Source "ChessBase"]
[SourceDate "2023.05.31"]
[SourceVersion "1"]
[SourceVersionDate "2023.05.31"]
[SourceQuality "1"]
[WhiteTeam "OSS"]
[BlackTeam "Nordstrand"]
[WhiteTeamCountry "NOR"]
[BlackTeamCountry "NOR"]

1. e4 c5 2. Nf3 e6 3. d4 cxd4 4. Nxd4 Nc6 5. Nc3 Nf6 6. Ndb5 Bb4 7. a3 Bxc3+ 8. Nxc3 d5 9. exd5 exd5 10. Bd3 Bg4 11. Be2 Be6 12. Bf3 h6 13. 0-0 0-0 14. Bf4 Qd7 15. h3 Rfd8 16. Re1 Rac8 17. Bg3 d4 18. Ne4 Nxe4 19. Bxe4 Bf5 20. Qd3 Bxe4 21. Rxe4 Re8 22. Rae1 Rcd8 23. Kh2 Rxe4 24. Qxe4 Qd5 25. Qd3 a6 26. c4 Qa5 27. b4 Qa4 28. Bc7 Rc8 29. Bb6 Nd8 30. Bxd4 Qd7 31. Qc3 Qc7+ 32. Kg1 Ne6 33. Rc1 Qc6 34. Be3 Rd8 35. Qc2 b5 36. cxb5 Qxb5 37. Rb1 Nd4 38. Qc7 Rd7 39. Qc8+ Kh7 40. Kh1 Nf5 41. Qc2 Qd3 42. Qxd3 Rxd3 43. Bc5 Nd4 44. a4 Kg6 45. b5 axb5 46. axb5 Ne6 47. Be3 Rd7 48. b6 Nd8 49. Bf4 Nb7 50. Ra1 Rd4 51. Be3 Rb4 52. Kh2 Kf5 53. Ra7 Nd6 54. Bc5 1-0

[Event "NOR-chT Elite 2122"]
[Site "Norway"]
[Date "2022.03.04"]
[Round "7.3"]
[White "Astrup, Kim"]
[Black "Tryggestad, Andreas Garberg"]
[Result "1/2-1/2"]
[WhiteElo "2229"]
[BlackElo "2268"]
[PlyCount "65"]
[EventDate "2021.10.28"]
[EventType "team-tourn"]
[EventRounds "9"]
[EventCountry "NOR"]
[SourceTitle "EXT 2024"]
[Source "ChessBase"]
[SourceDate "2023.10.10"]
[SourceVersion "1"]
[SourceVersionDate "2023.10.10"]
[SourceQuality "1"]
[WhiteTeam "SOSS"]
[BlackTeam "Nordstrand"]
[WhiteTeamCountry "NOR"]
[BlackTeamCountry "NOR"]

1. Nf3 Nf6 2. c4 c5 3. Nc3 d5 4. cxd5 Nxd5 5. e3 Nc6 6. Nxd5 Qxd5 7. b3 e5 8. Bc4 Qd8 9. Bb2 Bd6 10. Qc2 0-0 11. h4 Qf6 12. a3 Bf5 13. d3 Rad8 14. Bd5 Bc7 15. Be4 Ba5+ 16. Ke2 Bb6 17. Bxf5 Qxf5 18. Rhg1 Rfe8 19. g4 Qf6 20. g5 Qf5 21. Nd2 Ne7 22. Ne4 Nc8 23. h5 Nd6 24. h6 Nxe4 25. dxe4 Qg6 26. Rh1 Ba5 27. Rad1 Rxd1 28. Rxd1 Qh5+ 29. Kf1 Qh1+ 30. Ke2 Qh5+ 31. Kf1 Qh3+ 32. Ke2 Qg4+ 33. Kf1 1/2-1/2

[Event "NOR-chT Elite 2122"]
[Site "Norway"]
[Date "2021.10.30"]
[Round "2.1"]
[White "Gabrielsen, Stig"]
[Black "Tryggestad, Andreas Garberg"]
[Result "0-1"]
[WhiteElo "2285"]
[BlackElo "2268"]
[PlyCount "92"]
[EventDate "2021.10.28"]
[EventType "team-tourn"]
[EventRounds "9"]
[EventCountry "NOR"]
[SourceTitle "CBM 204 Extra"]
[Source "ChessBase"]
[SourceDate "2021.11.30"]
[SourceVersion "1"]
[SourceVersionDate "2021.11.30"]
[SourceQuality "1"]
[WhiteTeam "Bergens"]
[BlackTeam "Nordstrand"]
[WhiteTeamCountry "NOR"]
[BlackTeamCountry "NOR"]

1. e4 c5 2. Nf3 e6 3. d4 cxd4 4. Nxd4 Nc6 5. Nc3 Qc7 6. Be3 Nf6 7. f4 Bb4 8. Ndb5 Qa5 9. e5 Nd5 10. Bd2 Nxc3 11. bxc3 Be7 12. c4 Qb6 13. Rb1 0-0 14. Bd3 f5 15. Nd6 Qc7 16. c5 b6 17. g4 bxc5 18. Nb5 Bh4+ 19. Kf1 Qd8 20. gxf5 c4 21. Be4 Ba6 22. f6 Bxf6 23. exf6 Qxf6 24. Qh5 h6 25. Kg2 d5 26. Bf3 Rab8 27. Nc7 g6 28. Qg4 Rxb1 29. Rxb1 Bc8 30. Re1 c3 31. Bc1 Nd4 32. Bd1 Qf7 33. Ba3 Rd8 34. Bc5 e5 35. Qh4 Qxc7 36. Bxd4 exd4 37. Re7 Qd6 38. Rxa7 Qf8 39. Qf2 Qf6 40. Ra4 d3 41. cxd3 Bf5 42. Rd4 Rb8 43. Bc2 Qc6 44. Kg3 Rb2 45. Qe2 Qe6 46. Qf2 Rxc2 0-1

[Event "EU-ch Hybrid U20"]
[Site "Tornelo INT"]
[Date "2021.10.15"]
[Round "5"]
[White "Tryggestad, Andreas Garberg"]
[Black "Kirilmaz, Emre"]
[Result "1/2-1/2"]
[WhiteElo "2268"]
[BlackElo "2147"]
[PlyCount "73"]
[EventDate "2021.10.15"]
[EventType "swiss"]
[EventRounds "9"]
[EventCountry "NET"]
[SourceTitle "EXT 2023"]
[Source "ChessBase"]
[SourceDate "2022.10.05"]
[SourceVersion "1"]
[SourceVersionDate "2022.10.05"]
[SourceQuality "1"]
[WhiteTeam "Norway"]
[BlackTeam "Turkey"]
[WhiteTeamCountry "NOR"]
[BlackTeamCountry "TUR"]

1. e4 e6 2. d4 d5 3. Nd2 dxe4 4. Nxe4 Bd7 5. Nf3 Bc6 6. Bd3 Nd7 7. 0-0 Ngf6 8. Qe2 Be7 9. Ng3 Bxf3 10. Qxf3 c6 11. b3 Qa5 12. Bb2 Ba3 13. Bxa3 Qxa3 14. Ne2 0-0 15. b4 Qxb4 16. Rfb1 Qd6 17. Rxb7 Rfb8 18. Rab1 Rxb7 19. Rxb7 Rb8 20. Rxb8+ Qxb8 21. g3 c5 22. Qc6 cxd4 23. Nxd4 Qb1+ 24. Bf1 Qxa2 25. Qa8+ Nf8 26. Nc6 g6 27. Qxa7 Qxa7 28. Nxa7 N8d7 29. Nc6 Nc5 30. Bg2 Kf8 31. Kf1 Ke8 32. Ke2 Kd7 33. Ne5+ Ke7 34. Ke3 Nfd7 35. Nf3 e5 36. Nd2 Nb6 37. f4 1/2-1/2

[Event "NOR-ch"]
[Site "Oslo"]
[Date "2021.07.06"]
[Round "5"]
[White "Tryggestad, Andreas Garberg"]
[Black "Shehzad, Shazil Khan"]
[Result "1-0"]
[WhiteElo "2260"]
[BlackElo "2163"]
[PlyCount "83"]
[EventDate "2021.07.02"]
[EventType "swiss"]
[EventRounds "9"]
[EventCountry "NOR"]
[SourceTitle "CBM 203 Extra"]
[Source "ChessBase"]
[SourceDate "2021.09.30"]
[SourceVersion "1"]
[SourceVersionDate "2021.09.30"]
[SourceQuality "1"]

1. d4 Nf6 2. c4 e6 3. Nf3 d5 4. Nc3 Bb4 5. Qa4+ Nc6 6. e3 0-0 7. Bd2 dxc4 8. Bxc4 Bd6 9. 0-0 e5 10. d5 e4 11. Nxe4 Nxe4 12. dxc6 Nxd2 13. Nxd2 Bxh2+ 14. Kxh2 Qxd2 15. Kg1 Qd6 16. cxb7 Bxb7 17. Rad1 Qf6 18. Rd4 c5 19. Rf4 Qg5 20. Rg4 Qh5 21. Be2 Qe5 22. Qc2 Rad8 23. Rc1 g6 24. b3 Rc8 25. Qc3 Qh5 26. Qf6 Rcd8 27. Rd4 Qf5 28. Qxf5 gxf5 29. Rxc5 Rxd4 30. exd4 Rd8 31. Rc7 Be4 32. f3 Bb1 33. Rxa7 Rxd4 34. Bc4 Kg7 35. a4 Kg6 36. a5 Kg5 37. a6 h5 38. Rxf7 Kh4 39. a7 Rd8 40. Bd5 Rxd5 41. a8Q Rd1+ 42. Kh2 1-0

[Event "NOR-ch"]
[Site "Oslo"]
[Date "2021.07.05"]
[Round "4"]
[White "Sjoberg, Isak"]
[Black "Tryggestad, Andreas Garberg"]
[Result "1/2-1/2"]
[WhiteElo "2238"]
[BlackElo "2260"]
[PlyCount "148"]
[EventDate "2021.07.02"]
[EventType "swiss"]
[EventRounds "9"]
[EventCountry "NOR"]
[SourceTitle "CBM 203 Extra"]
[Source "ChessBase"]
[SourceDate "2021.09.30"]
[SourceVersion "1"]
[SourceVersionDate "2021.09.30"]
[SourceQuality "1"]

1. e4 c5 2. Nf3 e6 3. d4 cxd4 4. Nxd4 Nc6 5. Nc3 Qc7 6. Be3 Nf6 7. f4 Bb4 8. Ndb5 Qa5 9. e5 Nd5 10. Bd2 Nxc3 11. Nxc3 d5 12. a3 Be7 13. Qg4 g6 14. Nb5 Qb6 15. 0-0-0 Bd7 16. Qg3 Nxe5 17. Be3 Bc5 18. Nd6+ Qxd6 19. fxe5 Bxe3+ 20. Qxe3 Qe7 21. h4 Bc6 22. h5 0-0-0 23. Bd3 d4 24. Qg3 gxh5 25. Rxh5 h6 26. Qf2 Rhg8 27. g3 Rg5 28. Rxh6 Rxe5 29. Rf6 Re3 30. Rf1 Be8 31. Kb1 Qc7 32. Rf4 Qe5 33. g4 a6 34. Rh1 Bc6 35. Rf1 Be8 36. Rh1 Kb8 37. Rh5 Re1+ 38. Ka2 Qe3 39. Qh2 Ka7 40. Re4 Qg1 41. Rxe1 Qxe1 42. Qc7 Rd5 43. Rxd5 exd5 44. Qc5+ Kb8 45. Qd6+ Ka7 46. Qxd5 Qe7 47. Qxd4+ Ka8 48. Qe4 Qxe4 49. Bxe4 f6 50. Kb3 Kb8 51. Kc4 Kc7 52. Kd4 b6 53. c4 a5 54. c5 Bd7 55. Bf5 Bc6 56. b4 axb4 57. axb4 Bb7 58. Be4 bxc5+ 59. bxc5 Bc8 60. Bf5 Bb7 61. Be6 Bf3 62. Bf5 Bd1 63. Kc4 Be2+ 64. Kd5 Bf3+ 65. Kd4 Bd1 66. Be6 Kc6 67. Bc8 Kc7 68. Bf5 Kc6 69. Bc8 Kc7 70. Be6 Kc6 71. Bf5 Be2 72. Ke3 Bxg4 73. Bxg4 f5 74. Bxf5 Kxc5 1/2-1/2

[Event "NOR-ch"]
[Site "Oslo"]
[Date "2021.07.04"]
[Round "3"]
[White "Tryggestad, Andreas Garberg"]
[Black "Ranaldi, Lucas"]
[Result "0-1"]
[WhiteElo "2260"]
[BlackElo "2329"]
[PlyCount "76"]
[EventDate "2021.07.02"]
[EventType "swiss"]
[EventRounds "9"]
[EventCountry "NOR"]
[SourceTitle "CBM 203 Extra"]
[Source "ChessBase"]
[SourceDate "2021.09.30"]
[SourceVersion "1"]
[SourceVersionDate "2021.09.30"]
[SourceQuality "1"]

1. e4 c6 2. d4 d5 3. e5 Bf5 4. h4 h5 5. Bg5 Qb6 6. Bd3 Qxd4 7. Nf3 Qg4 8. Bxf5 Qxf5 9. c4 e6 10. 0-0 Ne7 11. Nc3 Nd7 12. Re1 dxc4 13. Nd2 Nb6 14. a4 Ned5 15. Nce4 a5 16. b3 cxb3 17. Nxb3 Bb4 18. Nd6+ Bxd6 19. exd6 Qg4 20. Qc1 Nd7 21. Nc5 Nxc5 22. Qxc5 Qb4 23. d7+ Kxd7 24. Qc2 Qd6 25. Rab1 b6 26. Red1 c5 27. Qc4 Ke8 28. Rd3 f6 29. Bd2 Kf7 30. Rg3 Ne7 31. Rd3 Qc6 32. Rdb3 Nd5 33. Rg3 Ne7 34. Rgb3 Nd5 35. Rg3 Rad8 36. Qc2 Ne7 37. Bc3 Nf5 38. Rh3 Rh6 0-1

[Event "NOR-ch"]
[Site "Oslo"]
[Date "2021.07.02"]
[Round "1"]
[White "Tryggestad, Andreas Garberg"]
[Black "Ostenstad, Berge"]
[Result "1/2-1/2"]
[WhiteElo "2260"]
[BlackElo "2451"]
[PlyCount "54"]
[EventDate "2021.07.02"]
[EventType "swiss"]
[EventRounds "9"]
[EventCountry "NOR"]
[SourceTitle "CBM 203 Extra"]
[Source "ChessBase"]
[SourceDate "2021.09.30"]
[SourceVersion "1"]
[SourceVersionDate "2021.09.30"]
[SourceQuality "1"]

1. e4 c5 2. Nf3 e6 3. g3 Nc6 4. d4 cxd4 5. Nxd4 Nf6 6. Bg2 a6 7. 0-0 Qc7 8. Nc3 Nxd4 9. Qxd4 Bc5 10. Bf4 d6 11. Qd2 h6 12. Rad1 e5 13. Be3 Bxe3 14. fxe3 Be6 15. Qxd6 Rc8 16. h3 Qxd6 17. Rxd6 Nd7 18. Rfd1 Ke7 19. R6d2 Rc5 20. Nd5+ Bxd5 21. Rxd5 Rxd5 22. Rxd5 Rc8 23. c3 f6 24. Bf1 Nc5 25. Bg2 Na4 26. Rd2 b5 27. Kf2 Rd8 1/2-1/2

[Event "Oslo Offerspill op"]
[Site "Oslo"]
[Date "2020.06.13"]
[Round "4"]
[White "Pantzar, Milton"]
[Black "Tryggestad, Andreas Garberg"]
[Result "1-0"]
[WhiteElo "2417"]
[BlackElo "2363"]
[PlyCount "79"]
[EventDate "2020.06.10"]
[EventType "swiss"]
[EventRounds "9"]
[EventCountry "NOR"]
[SourceTitle "CBM 197 Extra"]
[Source "ChessBase"]
[SourceDate "2020.09.30"]
[SourceVersion "1"]
[SourceVersionDate "2020.09.30"]
[SourceQuality "1"]

1. d4 Nf6 2. c4 g6 3. Nf3 Bg7 4. g3 c6 5. Nc3 d5 6. Qb3 0-0 7. Bg2 dxc4 8. Qxc4 Be6 9. Qa4 Nbd7 10. 0-0 Nb6 11. Qc2 Nbd5 12. e4 Nxc3 13. bxc3 Qa5 14. a4 Bc4 15. Rd1 Nd7 16. Nd2 Be2 17. Re1 Ba6 18. Ba3 Rfe8 19. e5 Qc7 20. e6 fxe6 21. Qb3 Nf8 22. Ne4 b6 23. Ng5 Bc8 24. Ra2 Bf6 25. Bc1 Kg7 26. Bf4 Qd7 27. Rae2 Bb7 28. Nxe6+ Nxe6 29. Rxe6 c5 30. Bxb7 Qxb7 31. dxc5 Rac8 32. cxb6 axb6 33. Rxb6 Qd7 34. Be5 Qd2 35. Rd1 Qe2 36. Bxf6+ exf6 37. Rb7+ Kh6 38. Rbd7 Qc4 39. Qb7 Rh8 40. R1d4 1-0

[Event "Oslo Offerspill op"]
[Site "Oslo"]
[Date "2020.06.10"]
[Round "1"]
[White "Tryggestad, Andreas Garberg"]
[Black "Hansen, Erle Andrea Marki"]
[Result "1-0"]
[WhiteElo "2363"]
[BlackElo "1845"]
[PlyCount "81"]
[EventDate "2020.06.10"]
[EventType "swiss"]
[EventRounds "9"]
[EventCountry "NOR"]
[SourceTitle "CBM 197 Extra"]
[Source "ChessBase"]
[SourceDate "2020.09.30"]
[SourceVersion "1"]
[SourceVersionDate "2020.09.30"]
[SourceQuality "1"]

1. e4 c5 2. Nf3 Nc6 3. c3 g6 4. d4 cxd4 5. cxd4 Bg7 6. Nc3 d6 7. Be2 e5 8. Bg5 f6 9. Be3 Nh6 10. dxe5 dxe5 11. Qxd8+ Nxd8 12. Nd5 Ne6 13. Bxh6 Bxh6 14. Nxf6+ Kf7 15. Ng4 Bg7 16. Ngxe5+ Ke7 17. Nd3 b6 18. 0-0 Bb7 19. e5 Rad8 20. Rfd1 Rd5 21. Nb4 Rc5 22. Rd2 Nf4 23. Rad1 Nxe2+ 24. Rxe2 a5 25. Nc2 Bxf3 26. gxf3 Rxe5 27. Red2 Re8 28. Ne3 Kf8 29. Rd7 R5e7 30. b3 Kg8 31. Nc4 Re6 32. Rb7 Re1+ 33. Rxe1 Rxe1+ 34. Kg2 Re2 35. Rb8+ Kf7 36. Nd6+ Kf6 37. a4 Bh6 38. Rxb6 Ke7 39. Ne4 Rb2 40. Rb5 Ke6 41. Rxa5 1-0

[Event "NOR-chT Elite 1920"]
[Site "Norway"]
[Date "2020.03.08"]
[Round "9.5"]
[White "Vitenberg, Noam Aviv"]
[Black "Tryggestad, Andreas Garberg"]
[Result "1/2-1/2"]
[WhiteElo "2297"]
[BlackElo "2353"]
[PlyCount "62"]
[EventDate "2019.11.01"]
[EventType "team-tourn"]
[EventRounds "9"]
[EventCountry "NOR"]
[SourceTitle "CBM 195 Extra"]
[Source "ChessBase"]
[SourceDate "2020.05.31"]
[SourceVersion "1"]
[SourceVersionDate "2020.05.31"]
[SourceQuality "1"]
[WhiteTeam "Oslo SK 1911"]
[BlackTeam "Nordstrand"]
[WhiteTeamCountry "NOR"]
[BlackTeamCountry "NOR"]

1. d4 Nf6 2. c4 g6 3. Nc3 d5 4. cxd5 Nxd5 5. e4 Nxc3 6. bxc3 Bg7 7. Nf3 c5 8. Be3 Bg4 9. Rc1 Qa5 10. Qd2 Nc6 11. d5 Bxf3 12. gxf3 Ne5 13. Be2 Nd7 14. h4 e6 15. dxe6 fxe6 16. Bg5 h6 17. Be3 0-0-0 18. Qd6 Rhe8 19. Qg3 Bxc3+ 20. Kf1 Bd2 21. Rc2 Bxe3 22. fxe3 Qc7 23. Rg1 Ne5 24. f4 Rf8 25. Kg2 Nd7 26. Bg4 Qc6 27. Bf3 e5 28. Rd1 g5 29. hxg5 hxg5 30. fxg5 Rg8 31. Rcd2 Kc7 1/2-1/2

[Event "NOR-chT Elite 1920"]
[Site "Norway"]
[Date "2020.03.06"]
[Round "7.3"]
[White "Moe Nilssen, Nils Erik"]
[Black "Tryggestad, Andreas Garberg"]
[Result "0-1"]
[WhiteElo "2139"]
[BlackElo "2353"]
[PlyCount "58"]
[EventDate "2019.11.01"]
[EventType "team-tourn"]
[EventRounds "9"]
[EventCountry "NOR"]
[SourceTitle "CBM 195 Extra"]
[Source "ChessBase"]
[SourceDate "2020.05.31"]
[SourceVersion "1"]
[SourceVersionDate "2020.05.31"]
[SourceQuality "1"]
[WhiteTeam "SK 96"]
[BlackTeam "Nordstrand"]
[WhiteTeamCountry "NOR"]
[BlackTeamCountry "NOR"]

1. e4 c5 2. Nf3 e6 3. Nc3 Nc6 4. d4 cxd4 5. Nxd4 Qc7 6. g3 a6 7. a4 Nf6 8. Bg2 Be7 9. 0-0 0-0 10. h3 d6 11. Re1 Bd7 12. g4 h6 13. Nb3 Ne5 14. f4 Nc4 15. h4 Qb6+ 16. Kf1 h5 17. a5 Qd8 18. gxh5 Nh7 19. h6 gxh6 20. f5 Kh8 21. Bxh6 Rg8 22. fxe6 fxe6 23. e5 Bxh4 24. Re4 Bc6 25. Rg4 Bg5 26. Bxg5 Rxg5 27. Rxc4 Qf8+ 28. Bf3 Bxf3 29. Qxd6 Bd5+ 0-1

[Event "Kragero op"]
[Site "Kragero"]
[Date "2020.02.23"]
[Round "9"]
[White "Heimisson, Hilmir Freyr"]
[Black "Tryggestad, Andreas Garberg"]
[Result "1-0"]
[WhiteElo "2250"]
[BlackElo "2380"]
[PlyCount "143"]
[EventDate "2020.02.19"]
[EventType "swiss"]
[EventRounds "9"]
[EventCountry "NOR"]
[SourceTitle "CBM 195 Extra"]
[Source "ChessBase"]
[SourceDate "2020.05.31"]
[SourceVersion "1"]
[SourceVersionDate "2020.05.31"]
[SourceQuality "1"]

1. d4 Nf6 2. Bf4 g6 3. Nc3 d5 4. e3 Bg7 5. h4 h5 6. Nf3 Bf5 7. Bd3 Bxd3 8. cxd3 0-0 9. Qb3 b6 10. 0-0 c6 11. a4 Nbd7 12. a5 Ne8 13. Rfc1 Nd6 14. Qa4 Rc8 15. Rc2 Nf5 16. Rac1 e6 17. Ne2 Nb8 18. axb6 axb6 19. g3 Ne7 20. b4 Qd7 21. Qa3 Rfd8 22. b5 Bf8 23. Bxb8 Rxb8 24. Ne5 Qe8 25. Qb3 cxb5 26. Nc3 f6 27. Nf3 b4 28. Na2 Qb5 29. Nxb4 Nf5 30. Rb1 Rdc8 31. Nc6 Qxb3 32. Rxb3 b5 33. Nxb8 Rxc2 34. Rxb5 Nh6 35. Nh2 Rc3 36. Nd7 Be7 37. Nc5 Kf7 38. Rb7 e5 39. Rd7 exd4 40. exd4 Rc1+ 41. Kg2 Nf5 42. Rxd5 Rc2 43. Nf1 Bd6 44. Ne4 Ke6 45. Ra5 Nxd4 46. Ne3 Rc6 47. Ra8 Be7 48. Ra4 Nc2 49. d4 Nxe3+ 50. fxe3 Rb6 51. Kf3 Bf8 52. Ra8 Be7 53. Ra7 Bf8 54. Nf2 Rb3 55. Ra6+ Kf7 56. Ra7+ Ke6 57. Rh7 Ra3 58. Nh3 Bd6 59. Ng1 Bb4 60. Ne2 Bd2 61. Nf4+ Kd6 62. Ng2 Ke6 63. Rg7 Kf5 64. Re7 Bc1 65. Nf4 Rb3 66. Re4 Ba3 67. Ne6 g5 68. hxg5 fxg5 69. Re5+ Kf6 70. Nxg5 Kg6 71. Nh3 Bd6 72. Re6+ 1-0